[Event "FISU World University"]
[Site "Tornelo INT"]
[Date "2020.10.28"]
[Round "8.19"]
[White "Damaceno, Mateus Lima"]
[Black "Marikova, Jana"]
[Result "1-0"]
[WhiteElo "2136"]
[BlackElo "2163"]
[PlyCount "57"]
[EventDate "2020.10.26"]
[EventType "team-swiss (rapid)"]
[EventRounds "9"]
[EventCountry "NET"]
[SourceTitle "CBM 199 Extra"]
[Source "ChessBase"]
[SourceDate "2021.01.31"]
[SourceVersion "1"]
[SourceVersionDate "2021.01.31"]
[SourceQuality "1"]
[WhiteTeam "Brazil II"]
[BlackTeam "Czech Republic"]
[WhiteTeamCountry "BRA"]
[BlackTeamCountry "CZE"]

1. e4 c5 2. Nf3 d6 3. d4 cxd4 4. Nxd4 Nf6 5. Nc3 a6 6. Nb3 e6 7. g4 Be7 8. Bg2 Nc6 9. Be3 Ne5 10. g5 Nfg4 11. Bd2 Bxg5 12. Qe2 Bh4 13. 0-0 h5 14. h3 Nh6 15. f4 Nc6 16. Qxh5 Bf6 17. Rad1 Qb6+ 18. Kh1 g6 19. Qe2 Bd7 20. e5 dxe5 21. fxe5 Bxe5 22. Bxh6 Rxh6 23. Rxd7 Kxd7 24. Qd2+ Kc7 25. Qxh6 Rh8 26. Rxf7+ Kb8 27. Rf8+ Rxf8 28. Qxf8+ Ka7 29. Qc5 1-0

[Event "BRA-ch Amateur U2200"]
[Site "Sao Paulo"]
[Date "2019.06.22"]
[Round "6"]
[White "Damaceno, Mateus Lima"]
[Black "Ganhoto, Marco Alves"]
[Result "1/2-1/2"]
[WhiteElo "2136"]
[BlackElo "2081"]
[PlyCount "107"]
[EventDate "2019.06.20"]
[EventType "swiss"]
[EventRounds "7"]
[EventCountry "BRA"]
[SourceTitle "EXT 2020"]
[Source "ChessBase"]
[SourceDate "2019.10.17"]
[SourceVersion "1"]
[SourceVersionDate "2019.10.17"]
[SourceQuality "1"]

1. e4 c5 2. Nf3 Nc6 3. d3 d6 4. g3 g6 5. Bg2 Bg7 6. 0-0 Nf6 7. Nbd2 0-0 8. Re1 Bd7 9. c3 Qc8 10. e5 Ne8 11. Nc4 Bg4 12. Bf4 dxe5 13. Ncxe5 Nxe5 14. Bxe5 f6 15. Bf4 e5 16. Be3 Nd6 17. Qa4 Be6 18. Rac1 Nf5 19. Bd2 Qd7 20. Qxd7 Bxd7 21. d4 cxd4 22. cxd4 exd4 23. Rc7 Bc6 24. g4 Nh6 25. Nxd4 Bxg2 26. Kxg2 Rf7 27. Ree7 Rxe7 28. Rxe7 Nxg4 29. Ne6 Bf8 30. Rxb7 Bd6 31. h3 Ne5 32. Nc7 Bxc7 33. Rxc7 Nf7 34. Bc3 f5 35. b4 a6 36. a4 h6 37. Kf3 g5 38. Ke3 h5 39. Kf3 Rd8 40. Kg2 f4 41. Rc6 Re8 42. h4 gxh4 43. Kh3 Ng5+ 44. Kxh4 Ne4 45. Bd4 Rd8 46. Bb6 Rd2 47. Kxh5 Nxf2 48. Kg6 Kf8 49. Rf6+ Ke8 50. Rxf4 Rd6+ 51. Rf6 Rxf6+ 52. Kxf6 Nd3 53. Bc5 Nxc5 54. bxc5 1/2-1/2

[Event "BRA-ch Amateur U2200"]
[Site "Sao Paulo"]
[Date "2019.06.20"]
[Round "2"]
[White "Damaceno, Mateus Lima"]
[Black "Tomiello, Mateus Costamilan"]
[Result "1-0"]
[WhiteElo "2136"]
[BlackElo "2062"]
[PlyCount "67"]
[EventDate "2019.06.20"]
[EventType "swiss"]
[EventRounds "7"]
[EventCountry "BRA"]
[SourceTitle "EXT 2020"]
[Source "ChessBase"]
[SourceDate "2019.10.17"]
[SourceVersion "1"]
[SourceVersionDate "2019.10.17"]
[SourceQuality "1"]

1. c4 e5 2. Nc3 Nc6 3. e3 g6 4. Nf3 Bg7 5. d4 d6 6. Be2 f5 7. dxe5 Nxe5 8. Nxe5 dxe5 9. Qxd8+ Kxd8 10. b3 Be6 11. Ba3 e4 12. 0-0-0+ Kc8 13. Nd5 c6 14. Nf4 Bf7 15. h4 h6 16. Bb2 Bxb2+ 17. Kxb2 Kc7 18. g4 Nf6 19. g5 Nd7 20. Kc3 Ne5 21. Rdg1 Rag8 22. gxh6 Rxh6 23. Rg5 Nd7 24. h5 Nf6 25. hxg6 Rxh1 26. gxf7 Rgh8 27. f8Q Rxf8 28. Ne6+ Kd6 29. Nxf8 Ke5 30. Ng6+ Ke6 31. Kd4 Rh2 32. Nf4+ Kf7 33. Rxf5 Rxf2 34. Ke5 1-0

[Event "BRA-ch U26"]
[Site "Brasilia"]
[Date "2019.04.24"]
[Round "3"]
[White "Damaceno, Mateus Lima"]
[Black "Da Silva, Erick Feitosa"]
[Result "1-0"]
[WhiteElo "2136"]
[BlackElo "1976"]
[PlyCount "57"]
[EventDate "2019.04.23"]
[EventType "swiss"]
[EventRounds "7"]
[EventCountry "BRA"]
[SourceTitle "CBM 190 Extra"]
[Source "ChessBase"]
[SourceDate "2019.07.15"]
[SourceVersion "1"]
[SourceVersionDate "2019.07.15"]
[SourceQuality "1"]

1. d4 d5 2. Nf3 Nf6 3. c4 e6 4. e3 Be7 5. b3 0-0 6. Bb2 Nbd7 7. Nbd2 b6 8. cxd5 exd5 9. Bd3 Re8 10. Ne5 Bb7 11. 0-0 c5 12. f4 Bd6 13. Qf3 Ne4 14. Nxe4 dxe4 15. Bxe4 Bxe4 16. Qxe4 Nf6 17. Qf3 cxd4 18. Bxd4 Ba3 19. Rfd1 Qc7 20. Nc4 Bc5 21. Ne5 Ba3 22. Kh1 b5 23. Rd3 Rac8 24. Rad1 Bb4 25. g4 Re7 26. g5 Nd7 27. Qd5 a6 28. a3 Bxa3 29. Rc3 1-0

[Event "Sao Paulo-chT"]
[Site "Sao Paulo"]
[Date "2019.03.10"]
[Round "7.3"]
[White "D'Israel, Davy Maurice"]
[Black "Damaceno, Mateus Lima"]
[Result "1-0"]
[WhiteElo "2133"]
[BlackElo "2085"]
[PlyCount "63"]
[EventDate "2019.02.23"]
[EventType "team-tourn"]
[EventRounds "7"]
[EventCountry "BRA"]
[SourceTitle "CBM 189 Extra"]
[Source "ChessBase"]
[SourceDate "2019.05.31"]
[SourceVersion "1"]
[SourceVersionDate "2019.05.31"]
[SourceQuality "1"]
[WhiteTeam "Hebraica"]
[BlackTeam "Espaco Xadrez Total"]
[WhiteTeamCountry "BRA"]
[BlackTeamCountry "BRA"]

1. d4 Nf6 2. c4 e6 3. g3 d5 4. Bg2 Bb4+ 5. Nd2 0-0 6. Qc2 Nbd7 7. Ngf3 c6 8. 0-0 b6 9. b3 Bb7 10. Bb2 Rc8 11. Rfd1 Be7 12. Rac1 c5 13. Qb1 dxc4 14. Nxc4 Be4 15. Qa1 Qc7 16. dxc5 Bxc5 17. Nd6 Qxd6 18. Rxd6 Bxd6 19. Nd4 Bxg2 20. Kxg2 a6 21. Rd1 Be7 22. Qb1 Rc7 23. Rc1 Rfc8 24. Rxc7 Rxc7 25. Qd3 Nc5 26. Qf3 Nce4 27. Nc6 Bf8 28. Bxf6 Nxf6 29. Ne5 Rc5 30. Nd3 Rc2 31. Qb7 Rxe2 32. Kf1 1-0

[Event "Sao Paulo Carnaval op"]
[Site "Sao Paulo"]
[Date "2019.03.04"]
[Round "5"]
[White "Damaceno, Mateus Lima"]
[Black "Tsuboi, Edson Kenji"]
[Result "1-0"]
[WhiteElo "2085"]
[BlackElo "2237"]
[PlyCount "61"]
[EventDate "2019.03.02"]
[EventType "swiss"]
[EventRounds "7"]
[EventCountry "BRA"]
[SourceTitle "EXT 2020"]
[Source "ChessBase"]
[SourceDate "2019.10.17"]
[SourceVersion "1"]
[SourceVersionDate "2019.10.17"]
[SourceQuality "1"]

1. c4 Nf6 2. Nc3 g6 3. e4 d6 4. d4 Bg7 5. Nf3 0-0 6. Be2 e5 7. d5 a5 8. Bg5 h6 9. Bh4 Na6 10. Nd2 Qe8 11. 0-0 Nh7 12. Rb1 h5 13. f3 Bd7 14. b3 Bh6 15. a3 Be3+ 16. Kh1 Nc5 17. Qc2 f5 18. b4 axb4 19. axb4 Na4 20. Nd1 Bg5 21. Bf2 Bxd2 22. Qxd2 fxe4 23. fxe4 Rf4 24. Be3 Rxf1+ 25. Bxf1 Nb6 26. Bd3 Ra3 27. c5 Nc8 28. Nc3 Na7 29. Qb2 Rxc3 30. Qxc3 Nb5 31. Qd2 1-0

[Event "Sao Paulo Carnaval op"]
[Site "Sao Paulo"]
[Date "2019.03.03"]
[Round "3"]
[White "Damaceno, Mateus Lima"]
[Black "Molina, Roberto Junio Brito"]
[Result "1/2-1/2"]
[WhiteElo "2085"]
[BlackElo "2469"]
[PlyCount "242"]
[EventDate "2019.03.02"]
[EventType "swiss"]
[EventRounds "7"]
[EventCountry "BRA"]
[SourceTitle "EXT 2020"]
[Source "ChessBase"]
[SourceDate "2019.10.17"]
[SourceVersion "1"]
[SourceVersionDate "2019.10.17"]
[SourceQuality "1"]

1. c4 e5 2. Nc3 Nf6 3. Nf3 Nc6 4. e3 d5 5. cxd5 Nxd5 6. Bb5 Nxc3 7. bxc3 Bd6 8. d4 exd4 9. cxd4 0-0 10. h3 Ne7 11. 0-0 Bf5 12. Re1 c6 13. Bc4 Bb4 14. Bd2 Qa5 15. e4 Bg6 16. Rb1 Bxd2 17. Nxd2 b5 18. Bb3 Rad8 19. Nf3 c5 20. d5 c4 21. Bc2 a6 22. Qc1 Rfe8 23. a4 b4 24. Ne5 Rc8 25. d6 Qxe5 26. d7 a5 27. dxe8Q+ Rxe8 28. Qe3 f6 29. f4 Qc7 30. Qf2 Nc6 31. Qc5 Bf7 32. Red1 b3 33. Bxb3 cxb3 34. Rd6 Rc8 35. e5 fxe5 36. fxe5 Qa7 37. Qxa7 Nxa7 38. Rb6 Bc4 39. Rc1 Be6 40. Rxc8+ Nxc8 41. Rb7 Kf8 42. Kf2 Ne7 43. Ke3 Nc6 44. Kd2 Nxe5 45. Kc3 Nc6 46. h4 h6 47. g3 Bd5 48. Rd7 Bf7 49. Rc7 Nb4 50. Rb7 Nc6 51. Rc7 Bd5 52. Rd7 Bf7 53. Rc7 Be8 54. Kxb3 Nd4+ 55. Kc4 Ne6 56. Ra7 Bxa4 57. Rxa5 Bc6 58. Ra6 Bd5+ 59. Kc3 Ke7 60. Kd2 Kf6 61. Ke3 Ke5 62. Ra7 h5 63. Ra5 g6 64. Ra6 Bg2 65. Ra5+ Kf6 66. Rb5 Bh3 67. Ra5 Bf5 68. Rb5 Nc7 69. Ra5 Be6 70. Kd4 Nd5 71. Ke4 Ne7 72. Kf4 Nd5+ 73. Ke4 Ne7 74. Kf4 Nd5+ 75. Ke4 Nc7 76. Kf4 Bf5 77. Ke3 Ne6 78. Rb5 Ke7 79. Ra5 Nf8 80. Kf4 Kf6 81. Ke3 Nd7 82. Kf4 Be6 83. Rb5 Bc4 84. Ra5 Be6 85. Rb5 Bg4 86. Ra5 Nf8 87. Ra8 Ne6+ 88. Ke3 Nc7 89. Ra5 Be6 90. Kd4 Bh3 91. Ke3 Bg2 92. Kf2 Bh1 93. Ke3 Nd5+ 94. Kf2 Be4 95. Rb5 Ke5 96. Ra5 Bc2 97. Rc5 Ba4 98. Ra5 Bd7 99. Kf3 Kd4 100. Ra6 Bg4+ 101. Kf2 Bf5 102. Ra4+ Kd3 103. Kf3 Nc3 104. Ra3 Kd2 105. Kf4 Ne2+ 106. Kg5 Ke1 107. Rf3 Bc2 108. g4 Nd4 109. Rf6 Bd1 110. gxh5 gxh5 111. Rd6 Ne2 112. Rxd1+ Kxd1 113. Kxh5 Ng3+ 114. Kg4 Ne4 115. Kf4 Nf6 116. Kg5 Ne4+ 117. Kf4 Nf6 118. Kf5 Nh5 119. Kg5 Ng3 120. h5 Nxh5 121. Kxh5 Kd2 1/2-1/2

[Event "Sao Paulo-chT"]
[Site "Sao Paulo"]
[Date "2019.02.24"]
[Round "4.3"]
[White "Madaloso, Breno Affonso1"]
[Black "Damaceno, Mateus Lima"]
[Result "0-1"]
[WhiteElo "1423"]
[BlackElo "2085"]
[PlyCount "106"]
[EventDate "2019.02.23"]
[EventType "team-tourn"]
[EventRounds "7"]
[EventCountry "BRA"]
[SourceTitle "CBM 189 Extra"]
[Source "ChessBase"]
[SourceDate "2019.05.31"]
[SourceVersion "1"]
[SourceVersionDate "2019.05.31"]
[SourceQuality "1"]
[WhiteTeam "Sao Jose Medicina"]
[BlackTeam "Espaco Xadrez Total"]
[WhiteTeamCountry "BRA"]
[BlackTeamCountry "BRA"]

1. e4 c5 2. Nf3 d6 3. d4 cxd4 4. Nxd4 Nf6 5. Nc3 g6 6. Be3 Bg7 7. Qd2 Ng4 8. Bg5 Nc6 9. Bb5 Bd7 10. Nxc6 bxc6 11. Be2 Qb6 12. Nd1 Nf6 13. Bf3 Be6 14. 0-0 0-0 15. Re1 Rab8 16. c3 Rfe8 17. b4 Nd7 18. Rc1 a5 19. a3 c5 20. Ne3 axb4 21. axb4 cxb4 22. cxb4 Qxb4 23. Qxb4 Rxb4 24. Nd5 Bxd5 25. exd5 Ne5 26. Rc7 Bf6 27. Bxf6 exf6 28. Kf1 Rb2 29. Rd7 Nxd7 30. Rxe8+ Kg7 31. Rd8 Rb7 32. Bd1 f5 33. Ba4 Nc5 34. Bc6 Rb1+ 35. Ke2 Rb2+ 36. Ke1 Nd3+ 37. Kf1 Rxf2+ 38. Kg1 Re2 39. h3 Nf4 40. Kf1 Rxg2 41. Rxd6 Rd2 42. Rd8 Nd3 43. d6 Ne5 44. Ba4 f4 45. d7 Kf6 46. Ke1 Rd4 47. Bb5 g5 48. Rh8 Nxd7 49. Bxd7 Rxd7 50. Rxh7 Kf5 51. Rh5 f6 52. Kf2 Rd8 53. Kf3 Kg6 0-1

[Event "Sao Paulo Hebraica op 26th"]
[Site "Sao Paulo"]
[Date "2019.01.13"]
[Round "5"]
[White "Bruce, Shannon Hill"]
[Black "Damaceno, Mateus Lima"]
[Result "0-1"]
[WhiteElo "2069"]
[BlackElo "2022"]
[PlyCount "92"]
[EventDate "2019.01.11"]
[EventType "swiss"]
[EventRounds "6"]
[EventCountry "BRA"]
[SourceTitle "EXT 2020"]
[Source "ChessBase"]
[SourceDate "2019.10.17"]
[SourceVersion "1"]
[SourceVersionDate "2019.10.17"]
[SourceQuality "1"]

1. b3 e5 2. Bb2 Nc6 3. e3 Nf6 4. Bb5 Bd6 5. Ne2 0-0 6. 0-0 a6 7. Bxc6 dxc6 8. f4 Re8 9. Na3 b5 10. f5 Qe7 11. Nb1 c5 12. Ng3 e4 13. Nc3 Be5 14. Kh1 Bb7 15. Nh5 Rad8 16. Rf2 Rd6 17. Nxf6+ Qxf6 18. Rb1 Qh4 19. g3 Bxg3 20. Rg2 Be5 21. Qg1 Qf6 22. a4 Red8 23. axb5 axb5 24. Qe1 Bc6 25. Rf2 Qh4 26. Kg1 Rh6 27. Qe2 Rh5 28. Kh1 Qh3 29. Rbf1 f6 30. Nd1 Bxb2 31. Nxb2 Rd5 32. c4 Rdxf5 33. Rxf5 Rxf5 34. Rxf5 Qxf5 35. cxb5 Be8 36. Na4 Bh5 37. Qc4+ Kh8 38. Nxc5 Bf3+ 39. Kg1 Qh3 40. Qf1 Qg4+ 41. Kf2 Qh4+ 42. Kg1 Qg5+ 43. Kf2 Qxc5 44. Qa1 h6 45. Qa8+ Kh7 46. Qe8 Qd6 0-1

[Event "BRA-ch U20"]
[Site "Sao Paulo"]
[Date "2018.06.30"]
[Round "4"]
[White "Damaceno, Mateus Lima"]
[Black "Gomes, Emerson De Lima"]
[Result "1-0"]
[WhiteElo "1999"]
[BlackElo "1364"]
[PlyCount "57"]
[EventDate "2018.06.28"]
[EventType "swiss"]
[EventRounds "6"]
[EventCountry "BRA"]
[SourceTitle "EXT 2019"]
[Source "ChessBase"]
[SourceDate "2018.10.10"]
[SourceVersion "1"]
[SourceVersionDate "2018.10.10"]
[SourceQuality "1"]

1. e4 c6 2. d4 d5 3. Nd2 dxe4 4. Nxe4 Bf5 5. Ng3 Bg6 6. Nf3 Nf6 7. h4 h6 8. Ne5 Bh7 9. Bd3 Bxd3 10. Qxd3 Nbd7 11. f4 e6 12. Bd2 Qc7 13. 0-0-0 c5 14. f5 Nxe5 15. dxe5 c4 16. Qf3 Nd5 17. fxe6 fxe6 18. Qg4 Qd7 19. Qxc4 Rc8 20. Qd3 Bc5 21. Rhf1 Rf8 22. Kb1 Kd8 23. Ne4 Be7 24. Rxf8+ Bxf8 25. c4 Nb6 26. Qf3 Ke8 27. Bb4 Qf7 28. Qxf7+ Kxf7 29. Rf1+ 1-0

[Event "BRA-ch Amateur U2000"]
[Site "Sao Paulo"]
[Date "2018.06.02"]
[Round "5"]
[White "Lorenzon de Carvalho, Tales Pietro"]
[Black "Damaceno, Mateus Lima"]
[Result "1/2-1/2"]
[WhiteElo "1913"]
[BlackElo "1999"]
[PlyCount "85"]
[EventDate "2018.05.31"]
[EventType "swiss"]
[EventRounds "7"]
[EventCountry "BRA"]
[SourceTitle "EXT 2021"]
[Source "ChessBase"]
[SourceDate "2020.10.23"]
[SourceVersion "1"]
[SourceVersionDate "2020.10.23"]
[SourceQuality "1"]

1. d4 Nf6 2. Nf3 g6 3. b3 Bg7 4. Bb2 0-0 5. e3 c5 6. c4 cxd4 7. Nxd4 d5 8. Nc3 Re8 9. cxd5 Nxd5 10. Bc4 Nxc3 11. Bxc3 Nc6 12. Ne2 Bxc3+ 13. Nxc3 Qa5 14. Rc1 Ne5 15. Qd5 Nxc4 16. Qxc4 Be6 17. Qb5 Qc7 18. 0-0 a6 19. Qg5 f6 20. Qh4 Rac8 21. h3 Qe5 22. Qf4 Qxf4 23. exf4 Red8 24. Ne4 Bd5 25. Nc5 Bc6 26. Rfe1 Kf7 27. Re2 Bb5 28. Rec2 b6 29. a4 Bd3 30. Nxd3 Rxc2 31. Rxc2 Rxd3 32. Rb2 Ke6 33. Kf1 Kf5 34. Ke2 Ke4 35. f3+ Kd4 36. Rb1 Re3+ 37. Kd2 Re6 38. Rc1 Kd5 39. Kd3 Kd6 40. b4 Kd7 41. g4 Rd6+ 42. Ke3 Re6+ 43. Kd3 1/2-1/2

[Event "BRA-ch U18"]
[Site "Sao Paulo"]
[Date "2018.04.01"]
[Round "6"]
[White "Damaceno, Mateus Lima"]
[Black "Carstens Dobuchak, Thiago"]
[Result "0-1"]
[WhiteElo "2003"]
[BlackElo "2067"]
[PlyCount "68"]
[EventDate "2018.03.29"]
[EventType "swiss"]
[EventRounds "6"]
[EventCountry "BRA"]
[SourceTitle "EXT 2019"]
[Source "ChessBase"]
[SourceDate "2018.10.10"]
[SourceVersion "1"]
[SourceVersionDate "2018.10.10"]
[SourceQuality "1"]

1. e4 c5 2. Nf3 d6 3. d4 cxd4 4. Nxd4 Nf6 5. Nc3 a6 6. Bg5 Nbd7 7. Qe2 Qc7 8. 0-0-0 e6 9. f4 Be7 10. g4 b5 11. a3 Bb7 12. Rg1 Nb6 13. Kb1 Rb8 14. h4 Nc4 15. Rg3 Ba8 16. f5 e5 17. Nb3 h6 18. Bc1 Nd7 19. g5 h5 20. Bh3 Nc5 21. Nxc5 Qxc5 22. f6 gxf6 23. Nd5 Bxd5 24. Rxd5 Qc7 25. Qf3 b4 26. a4 Na3+ 27. bxa3 bxa3+ 28. Qb3 Rxb3+ 29. Rxb3 fxg5 30. hxg5 0-0 31. Bxa3 Rb8 32. Rdd3 Bxg5 33. Bxd6 Rxb3+ 34. cxb3 Qc1+ 0-1

[Event "BRA-ch Amateur U2000"]
[Site "Sao Paulo"]
[Date "2018.??.??"]
[Round "1"]
[White "Farias, Jose Nogueira de"]
[Black "Damaceno, Mateus Lima"]
[Result "1/2-1/2"]
[WhiteElo "1861"]
[BlackElo "1999"]
[PlyCount "64"]
[EventDate "2018.05.31"]
[EventType "swiss"]
[EventRounds "7"]
[EventCountry "BRA"]
[SourceTitle "EXT 2021"]
[Source "ChessBase"]
[SourceDate "2020.10.23"]
[SourceVersion "1"]
[SourceVersionDate "2020.10.23"]
[SourceQuality "1"]

1. d4 Nf6 2. c4 g6 3. Nc3 d5 4. Bf4 Bg7 5. e3 0-0 6. Nf3 c5 7. Be2 cxd4 8. Nxd4 Nc6 9. Nxc6 bxc6 10. 0-0 Re8 11. Be5 Be6 12. cxd5 cxd5 13. Qd4 Qa5 14. b4 Qb6 15. Rac1 Qxd4 16. Bxd4 Ne4 17. Bxg7 Kxg7 18. Nxe4 dxe4 19. Bc4 Kf6 20. Bxe6 Kxe6 21. Rfd1 Rac8 22. Kf1 Red8 23. Ke2 Rxd1 24. Rxd1 Rc4 25. a3 Rc3 26. Rd4 f5 27. a4 Ra3 28. b5 Ra2+ 29. Ke1 Kf7 30. Rc4 h6 31. h4 Ra1+ 32. Ke2 Ra2+ 1/2-1/2

[Event "BRA-ch Amateur U2200"]
[Site "Sao Paulo"]
[Date "2017.10.15"]
[Round "7"]
[White "Damaceno, Mateus Lima"]
[Black "Van Riemsdijk, Dirk Dagobert"]
[Result "1/2-1/2"]
[WhiteElo "1947"]
[BlackElo "1992"]
[PlyCount "101"]
[EventDate "2017.10.12"]
[EventType "swiss"]
[EventRounds "7"]
[EventCountry "BRA"]
[SourceTitle "EXT 2019"]
[Source "ChessBase"]
[SourceDate "2018.10.10"]
[SourceVersion "1"]
[SourceVersionDate "2018.10.10"]
[SourceQuality "1"]

1. d4 d5 2. c4 dxc4 3. e4 Nc6 4. Nf3 Bg4 5. d5 Bxf3 6. gxf3 Ne5 7. Bf4 Nd3+ 8. Bxd3 cxd3 9. Qxd3 e6 10. Qb5+ Qd7 11. Qxb7 Rc8 12. Nc3 c6 13. Qxd7+ Kxd7 14. dxc6+ Kxc6 15. Rc1 Kb7 16. Ke2 Nf6 17. Nb5 Bc5 18. Nd6+ Bxd6 19. Bxd6 Rhd8 20. Bf4 Nh5 21. Be3 f5 22. Rxc8 Rxc8 23. Rc1 Rd8 24. Rd1 Rxd1 25. Kxd1 a6 26. Kd2 Kc6 27. Kc3 g6 28. Kc4 Nf6 29. Bd4 Nd7 30. b4 e5 31. Bc5 fxe4 32. fxe4 g5 33. Be3 g4 34. a4 Nf6 35. b5+ axb5+ 36. axb5+ Kc7 37. Kc5 Nxe4+ 38. Kd5 Nc3+ 39. Kxe5 Nxb5 40. Kf5 Kd7 41. Kxg4 Ke6 42. Kg5 Kf7 43. Kh6 Kg8 44. f4 Nd6 45. Kg5 Kf7 46. Bd4 Ke6 47. Bb2 Nf7+ 48. Kg4 Nh6+ 49. Kh5 Nf7 50. Kg4 Nh6+ 51. Kh5 1/2-1/2

[Event "Sao Paulo Schutt op 14th"]
[Site "Sao Paulo"]
[Date "2017.09.17"]
[Round "5"]
[White "Damaceno, Mateus Lima"]
[Black "Da Rosa, Henrique Jaze Simoe"]
[Result "1-0"]
[WhiteElo "1945"]
[BlackElo "1403"]
[PlyCount "125"]
[EventDate "2017.09.15"]
[EventType "swiss"]
[EventRounds "6"]
[EventCountry "BRA"]
[SourceTitle "CBM 180 Extra"]
[Source "ChessBase"]
[SourceDate "2017.10.06"]
[SourceVersion "1"]
[SourceVersionDate "2017.10.06"]
[SourceQuality "1"]

1. d4 d5 2. c4 c6 3. Nf3 Nf6 4. Nc3 e6 5. Bg5 Nbd7 6. cxd5 exd5 7. e3 Bd6 8. Bd3 0-0 9. Qc2 b6 10. Bxh7+ Kh8 11. Bd3 Bb7 12. 0-0 Re8 13. Rac1 Qe7 14. Rfe1 Nf8 15. e4 dxe4 16. Rxe4 Qd8 17. Rh4+ Kg8 18. Ne4 Be7 19. Nxf6+ Bxf6 20. Bxf6 Qxf6 21. Qd2 Ng6 22. Bxg6 Qxg6 23. Rh3 Rad8 24. Rg3 Qf6 25. Qg5 Qxg5 26. Rxg5 Re2 27. Re5 Rxb2 28. Re7 Rb8 29. Rce1 f6 30. h4 c5 31. dxc5 bxc5 32. Rc7 Bxf3 33. gxf3 Rb1 34. Rxb1 Rxb1+ 35. Kg2 Rb6 36. Rxa7 Rc6 37. Kf1 c4 38. Ke2 c3 39. Kd1 Rc4 40. Kc2 Rxh4 41. Kxc3 Rf4 42. Kd2 Rxf3 43. Ke2 Rc3 44. Rd7 Kf8 45. Kd1 Ra3 46. Rd2 g5 47. Kc1 g4 48. Kb2 Rf3 49. a4 Rf5 50. Kb3 Ke7 51. Kb4 Re5 52. a5 f5 53. a6 Kf6 54. Rd8 Re7 55. Kb5 f4 56. Rg8 Kf5 57. Kb6 g3 58. fxg3 fxg3 59. Rxg3 Kf6 60. Rf3+ Kg7 61. Rc3 Kg6 62. a7 Re8 63. Kb7 1-0

[Event "Aldeia de Barueri op"]
[Site "Aldeia de Barueri"]
[Date "2017.08.06"]
[Round "6"]
[White "Damaceno, Mateus Lima"]
[Black "De Oliveira, Francemir Barra"]
[Result "1-0"]
[WhiteElo "1908"]
[BlackElo "1578"]
[PlyCount "61"]
[EventDate "2017.08.04"]
[EventType "swiss"]
[EventRounds "6"]
[EventCountry "BRA"]
[SourceTitle "CBM 180 Extra"]
[Source "ChessBase"]
[SourceDate "2017.10.06"]
[SourceVersion "1"]
[SourceVersionDate "2017.10.06"]
[SourceQuality "1"]

1. d4 Nf6 2. c4 e6 3. Nf3 Bb4+ 4. Bd2 Be7 5. Nc3 d6 6. e4 0-0 7. Bd3 c6 8. Qe2 a6 9. e5 Ne8 10. h4 f5 11. exf6 Nxf6 12. Ne4 h6 13. Nfg5 d5 14. Nxf6+ Rxf6 15. Bc2 Bf8 16. Nh7 Rf7 17. 0-0-0 dxc4 18. g4 b5 19. g5 Qxd4 20. Be3 Qe5 21. Nxf8 Rxf8 22. gxh6 Ra7 23. Rhg1 Raf7 24. hxg7 Re8 25. Bg6 c3 26. Bxf7+ Kxf7 27. g8Q+ Rxg8 28. Qf3+ Ke7 29. Rxg8 cxb2+ 30. Kb1 Nd7 31. Bg5+ 1-0

[Event "Aldeia de Barueri op"]
[Site "Aldeia de Barueri"]
[Date "2017.08.05"]
[Round "4"]
[White "Damaceno, Mateus Lima"]
[Black "Rodrigues, Leonardo De Miranda"]
[Result "1/2-1/2"]
[WhiteElo "1908"]
[BlackElo "2161"]
[PlyCount "20"]
[EventDate "2017.08.04"]
[EventType "swiss"]
[EventRounds "6"]
[EventCountry "BRA"]
[SourceTitle "CBM 180 Extra"]
[Source "ChessBase"]
[SourceDate "2017.10.06"]
[SourceVersion "1"]
[SourceVersionDate "2017.10.06"]
[SourceQuality "1"]

1. d4 d5 2. c4 c6 3. Nf3 Nf6 4. e3 Bf5 5. Nc3 e6 6. Nh4 Bg4 7. Nf3 Bf5 8. Nh4 Bg4 9. Nf3 Bf5 10. Nh4 Bg4 1/2-1/2

[Event "Aldeia de Barueri op"]
[Site "Aldeia de Barueri"]
[Date "2017.08.04"]
[Round "2"]
[White "Damaceno, Mateus Lima"]
[Black "Luz, Arthur Nader"]
[Result "1-0"]
[WhiteElo "1908"]
[BlackElo "2157"]
[PlyCount "109"]
[EventDate "2017.08.04"]
[EventType "swiss"]
[EventRounds "6"]
[EventCountry "BRA"]
[SourceTitle "CBM 180 Extra"]
[Source "ChessBase"]
[SourceDate "2017.10.06"]
[SourceVersion "1"]
[SourceVersionDate "2017.10.06"]
[SourceQuality "1"]

1. c4 Nf6 2. g3 e6 3. Nf3 d5 4. b3 Be7 5. Bg2 0-0 6. 0-0 c5 7. Bb2 b6 8. d3 Bb7 9. Nbd2 Nc6 10. Ne5 Qc7 11. Nxc6 Bxc6 12. e3 Rad8 13. Qe2 Qb7 14. e4 d4 15. f4 Ne8 16. e5 Bxg2 17. Qxg2 Qxg2+ 18. Kxg2 f5 19. a4 Rb8 20. Rfb1 Nc7 21. Nf3 Na6 22. Ba3 Kf7 23. h4 g6 24. Ng5+ Bxg5 25. hxg5 h6 26. Rh1 h5 27. Rhb1 Ke7 28. b4 Kd7 29. b5 Nc7 30. a5 Rh8 31. Rh1 bxa5 32. Bxc5 a6 33. b6 Kc6 34. Bxd4 Na8 35. c5 Rhd8 36. Bf2 Rxd3 37. Rxa5 Rd2 38. Rxa6 Rb2 39. Rd1 Kb5 40. Ra7 Nxb6 41. cxb6 Rxb6 42. Rd6 Rb8 43. Rxe6 Kc4 44. Rc7+ Kd3 45. Rd6+ Ke2 46. Rc3 Rd2 47. Re3+ Kd1 48. Rxd2+ Kxd2 49. e6 Re8 50. e7 Kc2 51. Re6 Kd3 52. Bb6 Kc4 53. Bd8 Kd5 54. Rxg6 Rh8 55. Rf6 1-0

[Event "Sao Paulo op-B U2050 6th"]
[Site "Sao Paulo"]
[Date "2017.04.15"]
[Round "4"]
[White "Damaceno, Mateus Lima"]
[Black "Rodrigues, Julliano de Araujo"]
[Result "0-1"]
[WhiteElo "1929"]
[BlackElo "1842"]
[PlyCount "44"]
[EventDate "2017.04.14"]
[EventType "swiss"]
[EventRounds "6"]
[EventCountry "BRA"]
[SourceTitle "EXT 2019"]
[Source "ChessBase"]
[SourceDate "2018.10.10"]
[SourceVersion "1"]
[SourceVersionDate "2018.10.10"]
[SourceQuality "1"]

1. d4 Nf6 2. Nf3 g6 3. c4 Bg7 4. Nc3 d5 5. Qb3 dxc4 6. Qxc4 a6 7. Bf4 c6 8. e4 0-0 9. Be2 b5 10. Qd3 Qb6 11. 0-0 Rd8 12. Rfd1 Be6 13. Qc2 Nbd7 14. Ng5 Nf8 15. e5 Bf5 16. Qb3 Nd5 17. Nxd5 cxd5 18. Bf3 f6 19. Nh3 Rac8 20. Qe3 g5 21. Bg3 g4 22. Qf4 Qe6 0-1

[Event "Sao Paulo op-B U2050 6th"]
[Site "Sao Paulo"]
[Date "2017.04.15"]
[Round "3"]
[White "Lorenzon de Carvalho, Tales Pietro"]
[Black "Damaceno, Mateus Lima"]
[Result "1/2-1/2"]
[WhiteElo "1833"]
[BlackElo "1929"]
[PlyCount "86"]
[EventDate "2017.04.14"]
[EventType "swiss"]
[EventRounds "6"]
[EventCountry "BRA"]
[SourceTitle "EXT 2019"]
[Source "ChessBase"]
[SourceDate "2018.10.10"]
[SourceVersion "1"]
[SourceVersionDate "2018.10.10"]
[SourceQuality "1"]

1. Nf3 Nf6 2. b3 g6 3. Bb2 Bg7 4. e3 0-0 5. d4 c5 6. c4 cxd4 7. Nxd4 Nc6 8. Be2 Nxd4 9. Qxd4 d6 10. 0-0 Bd7 11. Bf3 Bc6 12. Bxc6 bxc6 13. Nc3 Nd7 14. Qd2 Qa5 15. Rfd1 Rfe8 16. Na4 Qxd2 17. Rxd2 Bxb2 18. Nxb2 Nc5 19. f3 a5 20. Nd3 Nxd3 21. Rxd3 Reb8 22. Rb1 c5 23. e4 a4 24. e5 axb3 25. axb3 dxe5 26. Rd5 Ra3 27. Rxe5 e6 28. Rxc5 Raxb3 29. Rxb3 Rxb3 30. Rc8+ Kg7 31. c5 Rc3 32. c6 Rc2 33. c7 h5 34. h4 Kf6 35. Kh2 Kf5 36. Kg3 Rc4 37. Kf2 Ke5 38. g3 Rc6 39. Ke3 Kd6 40. Rd8+ Kxc7 41. Rf8 Rc3+ 42. Ke2 Rc2+ 43. Ke3 Rc3+ 1/2-1/2